The Users Perceptions and Opportunities in Malaysia in Introducing RFID System for Halal Food Tracking (Record no. 699)

MARC details
000 -LEADER
fixed length control field 01318nam a22003017a 4500
001 - CONTROL NUMBER
control field 03313
003 - CONTROL NUMBER IDENTIFIER
control field HDC
007 - PHYSICAL DESCRIPTION FIXED FIELD--GENERAL INFORMATION
fixed length control field cr bn ---
008 - FIXED-LENGTH DATA ELEMENTS--GENERAL INFORMATION
fixed length control field 210106b20082008gr ||||| |||| 00| 0 eng d
022 ## - INTERNATIONAL STANDARD SERIAL NUMBER
International Standard Serial Number 1790-0832
040 ## - CATALOGING SOURCE
Original cataloging agency HDC
100 ## - MAIN ENTRY--PERSONAL NAME
Personal name Azah Anir Norman
Relator term author
9 (RLIN) 2465
245 #4 - TITLE STATEMENT
Title The Users Perceptions and Opportunities in Malaysia in Introducing RFID System for Halal Food Tracking
Statement of responsibility, etc. / Azah Anir Norman, Mohd Hairul Nizam Md. Nasir & Masliyana Azmi
260 ## - PUBLICATION, DISTRIBUTION, ETC.
Place of publication, distribution, etc. Greece:
Name of publisher, distributor, etc. WSEAS-World Scientific and Engineering Academy and Society,
Date of publication, distribution, etc. 2008
300 ## - PHYSICAL DESCRIPTION
Extent 1 online resource (10 pages)
336 ## - CONTENT TYPE
Content type term text
Source rdacontent
337 ## - MEDIA TYPE
Media type term computer
Source rdamedia
338 ## - CARRIER TYPE
Carrier type term online resource
Source rdacarrier
500 ## - GENERAL NOTE
General note Extract from: WSEAS Transactions on Information Science and Applications, 2008, volume 5, issue 5 (pages 846-852)
-- Includes bibliographical references
650 ## - SUBJECT ADDED ENTRY--TOPICAL TERM
Topical term or geographic name entry element Food industry and trade
General subdivision Inventory control
9 (RLIN) 2466
650 ## - SUBJECT ADDED ENTRY--TOPICAL TERM
Topical term or geographic name entry element Halal food industry
9 (RLIN) 128
700 ## - ADDED ENTRY--PERSONAL NAME
Personal name Masliyana Azmi
Relator term joint author
9 (RLIN) 2468
700 ## - ADDED ENTRY--PERSONAL NAME
Personal name Mohd Hairul Nizam Md. Nasir
Relator term joint author
9 (RLIN) 2467
856 ## - ELECTRONIC LOCATION AND ACCESS
Public note Request full-text at [email protected]
942 ## - ADDED ENTRY ELEMENTS (KOHA)
Source of classification or shelving scheme Library of Congress Classification
942 ## - ADDED ENTRY ELEMENTS (KOHA)
Koha item type Articles
942 ## - ADDED ENTRY ELEMENTS (KOHA)
Call number prefix JART 002590
Holdings
Withdrawn status Lost status Source of classification or shelving scheme Damaged status Not for loan Home library Current library Shelving location Date acquired Total checkouts Full call number Date last seen Price effective from Koha item type
    Library of Congress Classification     Halal Development Corporation Library Halal Development Corporation Library Open Shelves 24/05/2023   JART 002590 24/05/2023 24/05/2023 Articles
Halal Development Corporation Berhad (HDC)
5.02 Level 5, KPMG Tower, First Avenue, Persiaran Bandar Utama, 47800 Petaling Jaya, Selangor Darul Ehsan
Phone: +603 7965 5489 Email: [email protected]